Países invadidos pela Alemanha Nazista - Statistics

Estatísticas Gerais
  • Esse quiz foi jogado 448 vezes
  • A pontuação média é 11 de 16
Estatísticas das Respostas
Data País % Correto
1940 França
98%
1939 Polônia
95%
1941 União Soviética
90%
1938 Áustria
89%
1940 Bélgica
86%
1940 Países Baixos
85%
1940 Dinamarca
74%
1940 Noruega
74%
1944 Hungria
72%
1941 Grécia
69%
1940 Luxemburgo
66%
1938 Checoslováquia
62%
1941 Iugoslávia
58%
1943 Albânia
44%
1939 Lituânia
40%
1943 Mônaco
32%
Nenhum quiz correspondente encontrado
Distribuição das Pontuações
Porcentagem de Pessoas com Cada Pontuação
Percentil de Números Respondidos
Sua Pontuação Histórica
Você não jogou esse quiz